Pays plus grand que la Belgique- Mort Subite - Statistiques

Statistiques générales
  • Ce quiz a été pris 144 fois
  • Le résultat moyen est 8 sur 14
Answers on the Grid
Answers color-coded by a green-red scale on the quiz's grid according to % correct below.
France
Russie
Tchad
Zambie
Portugal
Canada
Espagne
Pays-Bas
Chine
Italie
Laos
Taiwan
Israël
Luxembourg
Liban
Kosovo
Cap-Vert
Grenade
Vatican
Îles Marshall
Saint-Marin
Malte
Monaco
Nauru
Palaos
Monténégro
Arménie
Albanie
Slovénie
Slovaquie
Autriche
 
Statistiques - réponses
Réponse % Correct
France
86%
Canada
80%
Espagne
78%
Chine
75%
Russie
75%
Italie
73%
Autriche
64%
Portugal
64%
Tchad
63%
Zambie
49%
Pays-Bas
47%
Slovaquie
39%
Laos
31%
Taiwan
14%
Aucun quiz correspondant
Distribution des résultats
% des personnes avec chaque résultat
Percentile par nombre de réponses
Votre historique - résultats
Vous n’avez pas pris ce quiz